| 000 | 00891cab a2200289 4500 | ||
|---|---|---|---|
| 001 | ABS46265 | ||
| 008 | 090401t1992 xxu||||| |||| 00| 0 eng d | ||
| 035 | _a(Sirsi) u57454 | ||
| 041 | _aeng | ||
| 100 | _aVarcoe, B.J. | ||
| 245 | _aPremises of value | ||
| 260 | _c1992 | ||
| 350 | _a0 | ||
| 490 |
_aFacilities _v19(3) 3 March 1992, 14-20(7) |
||
| 520 | _aGives reasons for the importance of good premises management and outlines a premises policy, which allows a proactive approach to management of property. | ||
| 650 | _aASSET MANAGEMENT | ||
| 650 | _aCOST CONTROL | ||
| 650 |
_aFACILITIES MANAGEMENT _96240 |
||
| 650 | _aOCCUPANCY COSTS | ||
| 650 | _aPLANNED MAINTENANCE PROGRAMMES | ||
| 650 | _aPREMISES MANAGEMENT | ||
| 650 | _aPROPERTY ASSETS | ||
| 650 | _aSPACE MANAGEMENT | ||
| 690 | _aOFFICE SERVICES AND ADMINISTRATION | ||
| 942 | _n0 | ||
| 948 | _c04/03/1997 | ||
| 999 |
_c35039 _d35039 |
||